[Event "Gyor op 2nd"]
[Site "Gyor"]
[Date "2011.07.14"]
[Round "3"]
[White "Marosi, Csaba"]
[Black "Varkonyi, Miklos"]
[Result "1-0"]
[WhiteElo "2016"]
[BlackElo "1744"]
[PlyCount "109"]
[EventDate "2011.07.13"]
[EventType "swiss"]
[EventRounds "9"]
[EventCountry "HUN"]
[SourceTitle "EXT 2017"]
[Source "ChessBase"]
[SourceDate "2016.10.25"]
[SourceVersion "1"]
[SourceVersionDate "2016.10.25"]
[SourceQuality "1"]

1. e4 c5 2. Nf3 d6 3. d4 cxd4 4. Qxd4 Nc6 5. Bb5 Bd7 6. Bxc6 Bxc6 7. Nc3 h6 8. Be3 Nf6 9. 0-0-0 Ng4 10. h3 Nxe3 11. Qxe3 e6 12. Nd4 Be7 13. f4 Qb6 14. Qg3 0-0 15. Rhf1 Rac8 16. Qe1 Qc7 17. Qd2 Bd7 18. g4 e5 19. Nd5 Qd8 20. Nxe7+ Qxe7 21. Nf5 Bxf5 22. gxf5 Rc6 23. Rg1 Rfc8 24. c3 b5 25. Kb1 a5 26. fxe5 dxe5 27. Rg3 Kh7 28. Rdg1 Rg8 29. Qg2 Qf6 30. Qd2 Rd6 31. Rd3 Rxd3 32. Qxd3 Qb6 33. Rd1 f6 34. b3 Rc8 35. Kb2 Qc6 36. Rd2 Kg8 37. Qd5+ Kf8 38. Qxc6 Rxc6 39. Rd7 a4 40. Rb7 axb3 41. axb3 Rc5 42. Kc2 b4 43. Rxb4 Rc7 44. h4 h5 45. Rb8+ Kf7 46. b4 g6 47. fxg6+ Kxg6 48. b5 f5 49. exf5+ Kxf5 50. b6 Rf7 51. c4 e4 52. c5 e3 53. Re8 Kf4 54. c6 Rf6 55. c7 1-0

[Event "SVK-chT3A2 0910"]
[Site "Slovakia"]
[Date "2010.03.28"]
[Round "11.7"]
[White "Varkonyi, Miklos"]
[Black "Berger, Patrik"]
[Result "1/2-1/2"]
[WhiteElo "1761"]
[BlackElo "1627"]
[PlyCount "67"]
[EventDate "2009.10.18"]
[EventType "team-tourn"]
[EventRounds "11"]
[EventCountry "SVK"]
[SourceTitle "EXT 2011"]
[Source "ChessBase"]
[SourceDate "2010.11.26"]
[SourceVersion "1"]
[SourceVersionDate "2010.11.26"]
[SourceQuality "1"]
[WhiteTeam "Velky Meder"]
[BlackTeam "Skalica II"]
[WhiteTeamCountry "SVK"]
[BlackTeamCountry "SVK"]

1. e4 c5 2. Nf3 d6 3. d4 cxd4 4. Nxd4 Nf6 5. Nc3 g6 6. Be2 Bg7 7. Be3 Nc6 8. Qd2 0-0 9. f3 a6 10. 0-0 Qc7 11. Rad1 Nxd4 12. Bxd4 b5 13. Be3 Bb7 14. Kh1 Rac8 15. Bd3 Nd7 16. Bh6 Ne5 17. Bxg7 Kxg7 18. Rc1 Nc4 19. Bxc4 Qxc4 20. a3 Rc7 21. Rfd1 Rfc8 22. Qd4+ Kg8 23. Qxc4 Rxc4 24. Rd2 b4 25. axb4 Rxb4 26. Nd1 Bc6 27. b3 a5 28. Nb2 Bb5 29. Ra1 a4 30. Nxa4 Bxa4 31. bxa4 Ra8 32. Kg1 Rbxa4 33. Rxa4 Rxa4 34. Kf2 1/2-1/2

[Event "SVK-chT3A2 0910"]
[Site "Slovakia"]
[Date "2010.02.28"]
[Round "9.7"]
[White "Havlicek, Peter"]
[Black "Varkonyi, Miklos"]
[Result "1/2-1/2"]
[WhiteElo "1671"]
[BlackElo "1761"]
[PlyCount "53"]
[EventDate "2009.10.18"]
[EventType "team-tourn"]
[EventRounds "11"]
[EventCountry "SVK"]
[SourceTitle "EXT 2011"]
[Source "ChessBase"]
[SourceDate "2010.11.26"]
[SourceVersion "1"]
[SourceVersionDate "2010.11.26"]
[SourceQuality "1"]
[WhiteTeam "Senica"]
[BlackTeam "Velky Meder"]
[WhiteTeamCountry "SVK"]
[BlackTeamCountry "SVK"]

1. e4 c5 2. Bc4 e6 3. Nf3 d6 4. 0-0 Nf6 5. Re1 Nc6 6. Nc3 a6 7. d4 b5 8. Bf1 cxd4 9. Nxd4 Bb7 10. a3 Be7 11. Nxc6 Bxc6 12. Bd3 0-0 13. Bf4 e5 14. Bg3 Bd7 15. h3 Be6 16. b4 Rc8 17. Ne2 Bc4 18. f4 Nh5 19. Bh2 Qb6+ 20. Kh1 Nxf4 21. Nxf4 exf4 22. Bxf4 Bf6 23. e5 dxe5 24. Bxe5 Bxe5 25. Rxe5 Bxd3 26. Qxd3 Rfd8 27. Qe2 1/2-1/2

[Event "SVK-chT3A2 0809"]
[Site "Slovakia"]
[Date "2008.10.19"]
[Round "1.7"]
[White "Varkonyi, Miklos"]
[Black "Papanek, Lubomir"]
[Result "1-0"]
[WhiteElo "1746"]
[BlackElo "1677"]
[PlyCount "119"]
[EventDate "2008.10.19"]
[EventType "team-tourn"]
[EventRounds "11"]
[EventCountry "SVK"]
[SourceTitle "EXT 2010"]
[Source "ChessBase"]
[SourceDate "2010.11.25"]
[SourceVersion "1"]
[SourceVersionDate "2010.11.25"]
[SourceQuality "1"]
[WhiteTeam "Velky Meder MSK Thermal"]
[BlackTeam "Gbely Nafta"]
[WhiteTeamCountry "SVK"]
[BlackTeamCountry "SVK"]

1. e4 c5 2. Nf3 Nc6 3. d4 cxd4 4. Nxd4 d6 5. Nc3 Nf6 6. Be2 g6 7. Be3 Bg7 8. f3 Bd7 9. Qd2 0-0 10. Nxc6 Bxc6 11. 0-0-0 Qa5 12. Bh6 Bxh6 13. Qxh6 Rac8 14. g4 Bxe4 15. Nxe4 Nxe4 16. fxe4 Qxa2 17. Bd3 Qa1+ 18. Kd2 Qxb2 19. Rb1 Qc3+ 20. Ke2 Qc7 21. h4 f6 22. Qe3 b6 23. Rb4 Qd7 24. Qh3 Rc5 25. Rc4 Rfc8 26. Rxc5 Rxc5 27. Qf3 Qe6 28. Kd2 Qe5 29. Rf1 Qh2+ 30. Qf2 Qe5 31. Qf4 b5 32. Qxe5 Rxe5 33. Ra1 h5 34. gxh5 Rxh5 35. Rxa7 Re5 36. Rb7 g5 37. hxg5 fxg5 38. Rxb5 Rxb5 39. Bxb5 Kf7 40. Ke3 Ke6 41. Kf3 Ke5 42. Bd3 Kf6 43. Kg4 e6 44. Bc4 Ke5 45. Kxg5 Kxe4 46. Bxe6 d5 47. Bf5+ Ke3 48. Bd3 Kd4 49. Kf4 Kc5 50. Ke5 Kc6 51. Kd4 Kd6 52. Bb5 Ke6 53. Bc6 Kd6 54. Bxd5 Kd7 55. Kc5 Kc7 56. c4 Kb8 57. Kb6 Kc8 58. Be6+ Kb8 59. c5 Ka8 60. c6 1-0

[Event "Bayern-chB 79th"]
[Site "Bad Neustadt/Saale"]
[Date "2008.09.06"]
[Round "9"]
[White "Varkonyi, Miklos"]
[Black "Jussupow, Alexander"]
[Result "0-1"]
[WhiteElo "1627"]
[BlackElo "2048"]
[PlyCount "62"]
[EventDate "2008.08.30"]
[EventType "swiss"]
[EventRounds "9"]
[EventCountry "GER"]
[SourceTitle "EXT 2015"]
[Source "ChessBase"]
[SourceDate "2014.11.20"]
[SourceVersion "1"]
[SourceVersionDate "2014.11.20"]
[SourceQuality "1"]

1. e4 e6 2. d4 d5 3. exd5 exd5 4. Bd3 Bd6 5. Nc3 c6 6. Nge2 Ne7 7. Bf4 Bf5 8. Bxd6 Qxd6 9. Bxf5 Nxf5 10. Qd3 Qf6 11. Rd1 Nd7 12. 0-0 0-0 13. Ng3 Nd6 14. Nce2 Rfe8 15. c3 Re6 16. Nh5 Qg5 17. Nhg3 Rae8 18. Rfe1 f5 19. f4 Qe7 20. Kf1 g6 21. b3 Nf6 22. Qb1 Nde4 23. Qc1 Ng4 24. Nxe4 Rxe4 25. Ng3 Nxh2+ 26. Kf2 Ng4+ 27. Kf1 Qh4 28. Nxe4 Qh1+ 29. Ke2 Qxg2+ 30. Kd3 fxe4+ 31. Rxe4 Qxe4+ 0-1

[Event "Bayern-chB 79th"]
[Site "Bad Neustadt/Saale"]
[Date "2008.09.02"]
[Round "5"]
[White "Varkonyi, Miklos"]
[Black "Rost van Tonningen, Otto"]
[Result "1/2-1/2"]
[WhiteElo "1627"]
[BlackElo "1920"]
[PlyCount "41"]
[EventDate "2008.08.30"]
[EventType "swiss"]
[EventRounds "9"]
[EventCountry "GER"]
[SourceTitle "EXT 2015"]
[Source "ChessBase"]
[SourceDate "2014.11.20"]
[SourceVersion "1"]
[SourceVersionDate "2014.11.20"]
[SourceQuality "1"]

1. e4 g6 2. d4 Bg7 3. Nc3 c6 4. Nf3 d5 5. Be2 Bg4 6. h3 Bxf3 7. Bxf3 dxe4 8. Nxe4 Qxd4 9. Qe2 Nf6 10. c3 Qe5 11. Nxf6+ Qxf6 12. 0-0 0-0 13. Be3 Nd7 14. Bd4 e5 15. Be3 Qe6 16. Be4 Nf6 17. Bc2 Nd5 18. Rfd1 Nxe3 19. Qxe3 b6 20. Bb3 Qe7 21. Qe4 1/2-1/2

[Event "Unterfranken-ch M2 52th"]
[Site "Massbach"]
[Date "2001.??.??"]
[Round "?"]
[White "Haecker, Roland"]
[Black "Varkonyi, Miklos"]
[Result "1/2-1/2"]
[WhiteElo "1774"]
[BlackElo "1795"]
[PlyCount "47"]
[EventDate "2001.04.16"]
[EventType "swiss"]
[EventRounds "9"]
[EventCountry "GER"]
[SourceTitle "EXT 2015"]
[Source "ChessBase"]
[SourceDate "2014.11.20"]
[SourceVersion "1"]
[SourceVersionDate "2014.11.20"]
[SourceQuality "1"]

1. d4 Nf6 2. g3 d5 3. Bg2 Bf5 4. Nf3 Nc6 5. c3 h6 6. 0-0 e6 7. Re1 Bd6 8. Nbd2 0-0 9. e3 Re8 10. Nh4 Bh7 11. f4 Ne7 12. Nhf3 c5 13. Ne5 cxd4 14. exd4 b5 15. a3 a5 16. g4 Rb8 17. h4 b4 18. g5 hxg5 19. hxg5 Nd7 20. Ndf3 bxc3 21. bxc3 Ng6 22. Nc6 Qc7 23. Nxb8 Rxb8 24. Ne5 1/2-1/2